Music Quiz

Random Music or Clickable Quiz

First Word Song Titles Quiz Stats

Quiz Updated Apr 22, 2015

Also try: Song Title Endings
Challenge
Share
Tweet
Embed
Score 0/40 Timer 04:00
6 Plays Today
% Correct
Eye
95%
My
92.8%
Wake
92.7%
You
92.3%
Every
92.1%
Dancing
91.6%
Achy
91.2%
How
91%
Let
90.8%
Nothing
90.6%
Can
90.5%
Total
89.1%
Sweet
89%
Take
89%
Just
88.7%
All
88.5%
Play
88.2%
Give
88%
Rolling
84.7%
Hey
83.3%
% Correct
Don't
82%
Another
81.8%
Losing
81.3%
In
79.1%
Crazy
78.9%
Raindrops
78.6%
Kiss
77.7%
Ticket
76.6%
Pump
76.1%
If
72.3%
Last
69.8%
Owner
61.9%
End
53.7%
Quit
52%
Silly
50.8%
Hanging
47.9%
Thinking
47.6%
Party
45.7%
Rock
44.2%
Hot
41.3%

You're not logged in!

Compare scores with friends on all Sporcle quizzes.
Sign Up with Email
OR
Log In

You Might Also Like...

Show Comments

Extras

Top Quizzes Today


Score Distribution

Your Account Isn't Verified!

In order to create a playlist on Sporcle, you need to verify the email address you used during registration. Go to your Sporcle Settings to finish the process.